000 01290nam a22003737a 4500
003 CHAP
005 20220329140700.0
008 971013s1976 r 00010 d
010 _a55977
011 _a56949
035 _a61102
040 _cCHAP
082 _a628.74
_bZ3
100 0 0 _aZandstra, Ilse
_eed.
_9123616
245 _aReclamation of nutrients, water and energy from wastes
_b: a review of selected IDRC-supported research
260 _aOttawa :
_bInternational Development Research Centre,
_c1976
300 _a151 p.
_b: ilus. ; gráfs.
490 _aIDRC. Manuscript report
_v; 124e
590 _aBATCH-UPD
_b10
_c20130110
_lUCH01
_h0453
590 _aBATCH-UPD
_b10
_c20130110
_lUCH01
_h2308
590 _aBATCH-UPD
_b10
_c20130410
_lUCH01
_h0130
590 _aBATCH-UPD
_b10
_c20130410
_lUCH01
_h1559
590 _aBATCH-UPD
_b10
_c20130913
_lUCH01
_h1826
590 _aBATCH-UPD
_b10
_c20130914
_lUCH01
_h1202
590 _aCONVERSION
_b10
_c20130109
_lUCH01
_h1330
650 1 4 _aAbonos.
_9235
650 1 4 _aDesperdicios.
_932170
650 1 4 _aEstiércol.
_938313
650 1 4 _aPeces
_xAlimentación.
_986442
830 0 _aIDRC. Manuscript report
_v; 124e
_957316
901 _aBK
942 _cLIBRO
949 _a628.74 Z3
_bBC
_cLIBRO
_d33724000025938
_eLIBRO
_h73569
_i61102
_mD
_si
999 _c55977
_d55977